000
00327 a2200145 4500
001
153766
040
_c
Escola São Tomás de Aquino
100
_a
JUNQUEIRA, Sonia
240
1
0
_a
O macaco e a mola
_l
por
245
1
0
_a
O macaco e a mola
362
0
_a
2006
440
1
_a
Ática
697
_a
*LITERATURA INFANTIL
942
_c
BK
999
_c
153766
_d
153766